| 000 | 00645nam a2200217 i 4500 | ||
|---|---|---|---|
| 001 | 101098 | ||
| 003 | ES-MaACL | ||
| 005 | 20250829062539.0 | ||
| 007 | t| | ||
| 008 | 051013s1935 fr ||||1| fre d | ||
| 100 | 1 |
_aMaurois, André, _d1885-1967 _979267 |
|
| 245 | 1 | 4 |
_aLes anglais / _cAndré Maurois, [seud.] de Emile Herzog. |
| 260 |
_aParis : _bFlammarion, _c1935. |
||
| 300 |
_a63 p. : _bil. ; _c26 cm. |
||
| 490 | 1 | _aVoir et savoir | |
| 650 | 0 | 4 |
_aBritánicos- _xPsicología. _910620 |
| 651 | 4 |
_aGran Bretaña- _xUsos y costumbres. _98765 |
|
| 830 | 0 |
_aVoir et savoir _9184590 |
|
| 852 |
_aES-MaACL _j1810-F-4 |
||
| 999 |
_c101098 _d101098 |
||